Transferts Top 14 - intersaison 2023. - Statistiques

Statistiques générales
  • Ce quiz a été pris 113 fois
    101 depuis la dernière actualisation
  • Le résultat moyen est 25 sur 54
Statistiques - réponses
Poste Joueur De À % Correct
Ailier Damian Penaud ASM Clermont Union Bordeaux Bègles
76%
Demi d'ouverture Ihaia West RC Toulon Stade rochelais
66%
Demi d'ouverture Benjamin Urdapilleta Castres olympique ASM Clermont
65%
Centre Semi Radradra Bristol Bears Lyon OU
65%
3e ligne Marcos Kremer Stade français ASM Clermont
62%
Demi de mêlée Ben White London Irish RC Toulon
61%
3e ligne Esteban Abadie CA Brive RC Toulon
61%
Ailier Federico Mori Union Bordeaux Bègles Aviron bayonnais
61%
Demi de mêlée Paul Abadie CA Brive Union Bordeaux Bègles
61%
Ailier Cheslin Kolbe RC Toulon Suntory Sungoliath
59%
Centre Josua Tuisova Lyon OU Racing 92
59%
3e ligne Siya Kolisi Sharks Racing 92
59%
Demi de mêlée Martin Page-Relo Stade toulousain Lyon OU
58%
Demi de mêlée Teddy Iribaren Racing 92 Stade rochelais
58%
Demi d'ouverture Finn Russell Racing 92 Bath rugby
56%
Ailier Vincent Rattez Montpellier HR Lyon OU
56%
Ailier Jack Nowell Exeter Chiefs Stade rochelais
55%
Ailier Monty Ioane Rebels Lyon OU
55%
3e ligne Selevasio Tolofua Stade toulousain RC Toulon
55%
Pilier Thomas Laclayat US Oyonnax Racing 92
55%
Demi d'ouverture Tristan Tedder USA Perpignan Racing 92
55%
Demi d'ouverture Enzo Hervé CA Brive RC Toulon
54%
Demi d'ouverture Joe Simmonds Exeter Chiefs Section paloise
54%
3e ligne Sam Simmonds Exeter Chiefs Montpellier HR
54%
Demi d'ouverture Tommaso Allan Harlequins USA Perpignan
54%
3e ligne Arthur Iturria ASM Clermont Aviron bayonnais
52%
Demi d'ouverture Pierre Popelin Stade rochelais Castres olympique
52%
3e ligne Tevita Tatafu Tokyo Sungoliath Union Bordeaux Bègles
52%
Pilier Mohammed Haouas Montpellier HR Biarritz olympique
51%
Demi d'ouverture Zack Henry Section paloise Stade français
51%
Ailier Samuel Ezeala ASM Clermont Section paloise
49%
2e ligne Sam Whitelock Crusaders Section paloise
49%
3e ligne Judicaël Cancoriet ASM Clermont Stade rochelais
48%
Demi d'ouverture Paddy Jackson London Irish Lyon OU
48%
Centre Joe Marchant Harlequins Stade français
45%
Arrière Henry Arundell London Irish Racing 92
42%
3e ligne Rémi Bourdeau Stade rochelais Aviron bayonnais
42%
Demi de mêlée Benoît Paillaugue RC Toulon Montpellier HR
41%
2e ligne Alun Wyn Jones Ospreys RC Toulon
38%
Pilier Nepo Laulala Blues Stade toulousain
37%
Demi de mêlée Brad Weber Chiefs Stade français
35%
Arrière Joris Jurand CA Brive ASM Clermont
35%
Ailier Pierre Boudehent Stade rochelais Stade français
35%
3e ligne Yannick Youyoutte Stade toulousain RC Toulon
35%
Demi de mêlée Gela Aprasidze Montpellier HR Aviron bayonnais
34%
Centre Jean-Pascal Barraque ASM Clermont USA Perpignan
31%
3e ligne Pita-Gus Sowakula Chiefs ASM Clermont
28%
2e ligne Adam Coleman London Irish Union Bordeaux Bègles
25%
Ailier Leicester Fainga’Anuku Crusaders RC Toulon
24%
Ailier Setareki Bituniyata CA Brive Stade toulousain
23%
Talonneur Tolu Latu Waratahs Montpellier HR
23%
Pilier Ali Oz Racing 92 US Oyonnax
15%
Ailier Daniel Ikpefan Section paloise US Oyonnax
15%
Pilier Harry Williams Exeter Chiefs Montpellier HR
15%
Aucun quiz correspondant
Distribution des résultats
% des personnes avec chaque résultat
Percentile par nombre de réponses
Votre historique - résultats
Vous n’avez pas pris ce quiz depuis la dernière actualisation